000 00316nam a22001457a 4500
008 210607b ||||| |||| 00| 0 eng d
020 _a0801630991
041 _aeng
080 _25th
_a61
082 _a61
100 _a3
101 _aSHM
245 _aSynopsis of Surgery
_cRichard D. Liechty
942 _2udc
_cBK
999 _c58035
_d58035